Estatísticas para Alfabeto em 15 segundos

Clique aqui para jogar o quiz

Estatísticas Gerais

  • Esse quiz foi jogado 2 570 vezes
  • A pontuação média é 22 de 26

Estatísticas das Respostas

Resposta% Correto
A
97%
E
96%
C
94%
D
94%
B
92%
F
92%
G
91%
I
91%
H
90%
J
90%
O
88%
Q
88%
K
87%
L
87%
P
86%
R
86%
M
83%
N
83%
S
83%
T
83%
U
83%
W
81%
V
76%
X
74%
Y
74%
Z
70%

Distribuição das Pontuações

Percentil de Números Respondidos

Porcentagem de Pessoas com Cada Pontuação

Sua Pontuação Histórica

Você não jogou esse quiz